[Event "Doroshkevich Memorial op"]
[Site "Sochi"]
[Date "2012.12.04"]
[Round "9"]
[White "Poluljahov, Aleksandr"]
[Black "Papin, Vasily"]
[Result "0-1"]
[WhiteElo "2511"]
[BlackElo "2546"]
[PlyCount "72"]
[EventDate "2012.11.26"]
[EventType "swiss"]
[EventRounds "9"]
[EventCountry "RUS"]
[SourceTitle "EXT 2014"]
[Source "ChessBase"]
[SourceDate "2013.11.20"]
[SourceVersion "1"]
[SourceVersionDate "2013.11.20"]
[SourceQuality "1"]

1. d4 Nf6 2. c4 e6 3. Nf3 b6 4. Nc3 Bb4 5. Bg5 h6 6. Bh4 c5 7. e3 Bb7 8. Bd3 cxd4 9. exd4 Be7 10. 0-0 0-0 11. Re1 d6 12. Qe2 Nbd7 13. b4 Rc8 14. a3 Re8 15. Nd2 Qc7 16. Rac1 Qb8 17. Nf1 Qa8 18. Ne3 Bf8 19. Bb1 a6 20. Qd3 g6 21. Bg3 Nh5 22. Rcd1 Rcd8 23. Bh4 Nf4 24. Qf1 Rc8 25. f3 d5 26. c5 bxc5 27. dxc5 a5 28. Bg3 Nh5 29. Nc2 Nxg3 30. hxg3 Ba6 31. Ne2 e5 32. Ba2 d4 33. Qf2 axb4 34. f4 Nxc5 35. Nxb4 Ne4 36. Qf3 Bxe2 0-1

[Event "RUS-chT 19th"]
[Site "Sochi"]
[Date "2012.04.15"]
[Round "7"]
[White "Roiz, Michael"]
[Black "Poluljahov, Aleksandr"]
[Result "0-1"]
[WhiteElo "2652"]
[BlackElo "2505"]
[PlyCount "148"]
[EventDate "2012.04.09"]
[EventType "team-swiss"]
[EventRounds "7"]
[EventCountry "RUS"]
[SourceTitle "CBM 148"]
[Source "ChessBase"]
[SourceDate "2012.05.16"]
[SourceVersion "1"]
[SourceVersionDate "2012.05.16"]
[SourceQuality "1"]
[WhiteTeam "Saratov Economist"]
[BlackTeam "Belorechensk Univ"]
[WhiteTeamCountry "RUS"]
[BlackTeamCountry "RUS"]

1. d4 d5 2. c4 e6 3. Nf3 c6 4. Nbd2 f5 5. g3 Nf6 6. Bg2 Bd6 7. 0-0 0-0 8. Ne5 b6 9. Ndf3 Bb7 10. Bf4 Qe7 11. Rc1 Ne4 12. Nd3 Nd7 13. Qa4 a6 14. Bxd6 Qxd6 15. cxd5 cxd5 16. Nfe5 Nef6 17. Rc3 Rfc8 18. Rfc1 Rxc3 19. bxc3 Rc8 20. c4 Nxe5 21. Nxe5 b5 22. Qb3 Nd7 23. c5 Nxc5 24. Qa3 Ne4 25. Rxc8+ Bxc8 26. Qc1 Bb7 27. f3 Nf6 28. e3 Nd7 29. Nd3 b4 30. Bf1 a5 31. Qc2 Qc6 32. Nc5 Nxc5 33. dxc5 Kf7 34. Be2 Bc8 35. Kf2 Bd7 36. g4 g6 37. gxf5 gxf5 38. f4 Ke7 39. h4 Kd8 40. h5 Be8 41. Qb2 Qxc5 42. Qe5 Ke7 43. Qh8 Qc3 44. Qxh7+ Bf7 45. h6 Qb2 46. Ke1 Kf8 47. Bd1 Qf6 48. Kf2 Qc3 49. Bb3 Ke7 50. Ke2 Qb2+ 51. Kf3 Qa1 52. Kf2 Qc3 53. Ke2 Kf8 54. Kf2 Qa1 55. Kg2 Qb2+ 56. Kg3 Qf6 57. Kf2 Qc3 58. Kg2 Ke7 59. Kf2 d4 60. exd4 Qxd4+ 61. Kg2 Kf8 62. Bd1 Qb2+ 63. Kg3 Qa1 64. Kh3 Qc3+ 65. Kg2 Qb2+ 66. Kg3 Qa1 67. Kh3 Qxd1 68. Qh8+ Ke7 69. h7 Qf3+ 70. Kh2 Qxf4+ 71. Kg2 Qg4+ 72. Kf2 Qg6 73. Ke3 Qg3+ 74. Kd2 Qg6 0-1

[Event "RUS-chT2"]
[Site "Sochi"]
[Date "2007.05.07"]
[Round "5"]
[White "Poluljahov, Aleksandr"]
[Black "Petrukhin, Denis"]
[Result "1/2-1/2"]
[WhiteElo "2503"]
[BlackElo "2417"]
[PlyCount "52"]
[EventDate "2007.05.03"]
[EventType "team"]
[EventRounds "9"]
[EventCountry "RUS"]
[SourceTitle "CBM 118 Extra"]
[Source "ChessBase"]
[SourceDate "2007.07.04"]
[SourceVersion "1"]
[SourceVersionDate "2007.07.04"]
[SourceQuality "1"]

1. c4 Nf6 2. Nc3 g6 3. e4 d6 4. d4 Bg7 5. Nge2 Nbd7 6. Ng3 e5 7. d5 h5 8. Be2 Qe7 9. Bg5 Bh6 10. Bxh6 Rxh6 11. Nf1 Nc5 12. Nd2 a5 13. b3 h4 14. a3 Nh5 15. g3 Qf6 16. Rg1 hxg3 17. hxg3 Bg4 18. Nf1 Bxe2 19. Kxe2 Qg5 20. Nd2 Nf6 21. b4 axb4 22. axb4 Rxa1 23. Qxa1 Qg4+ 24. Ke3 Qg5+ 25. Ke2 Qg4+ 26. Ke3 Qg5+ 1/2-1/2

[Event "RUS-chT2"]
[Site "Sochi"]
[Date "2007.05.03"]
[Round "1"]
[White "Poluljahov, Aleksandr"]
[Black "Sirotine, Konstantin"]
[Result "1-0"]
[WhiteElo "2503"]
[BlackElo "2411"]
[PlyCount "69"]
[EventDate "2007.05.03"]
[EventType "team"]
[EventRounds "9"]
[EventCountry "RUS"]
[SourceTitle "CBM 118 Extra"]
[Source "ChessBase"]
[SourceDate "2007.07.04"]
[SourceVersion "1"]
[SourceVersionDate "2007.07.04"]
[SourceQuality "1"]

1. c4 e6 2. g3 d5 3. Bg2 Nf6 4. Nf3 Nbd7 5. b3 Bd6 6. Bb2 c6 7. d4 Qe7 8. 0-0 0-0 9. Nc3 Rd8 10. Qc2 b6 11. Nd2 Bb7 12. e4 dxe4 13. Ndxe4 Nxe4 14. Nxe4 Ba3 15. Bxa3 Qxa3 16. Rfd1 Qe7 17. c5 Nf6 18. Nd6 Rxd6 19. cxd6 Qxd6 20. a3 Rd8 21. b4 Qe7 22. Bxc6 Rc8 23. b5 a6 24. Qe2 Bxc6 25. bxc6 Rxc6 26. d5 Rd6 27. dxe6 Rxe6 28. Qxa6 h5 29. Rd4 g6 30. Rad1 Ne4 31. Re1 Kg7 32. Qd3 Nxf2 33. Rxe6 Nh3+ 34. Kg2 Qxe6 35. Rh4 1-0

[Event "Stepanov Memorial op"]
[Site "Sochi"]
[Date "2005.10.??"]
[Round "5"]
[White "Kondenko, Alexey"]
[Black "Poluljahov, Aleksandr"]
[Result "0-1"]
[WhiteElo "2325"]
[BlackElo "2511"]
[PlyCount "64"]
[EventDate "2005.10.13"]
[EventType "swiss"]
[EventRounds "9"]
[EventCountry "RUS"]
[SourceTitle "EXT 2007"]
[Source "ChessBase"]
[SourceDate "2006.11.23"]
[SourceVersion "1"]
[SourceVersionDate "2006.11.23"]
[SourceQuality "1"]

1. e4 c5 2. Nf3 e6 3. d4 cxd4 4. Nxd4 Nc6 5. Nc3 Qc7 6. Be3 a6 7. f4 Nxd4 8. Qxd4 b5 9. 0-0-0 Bb7 10. Bd3 Rc8 11. Rhf1 Nf6 12. e5 Ng4 13. Ne4 Bxe4 14. Qxe4 Nxh2 15. f5 Nxf1 16. Rxf1 Qc6 17. Qf4 Bc5 18. Bd2 Rf8 19. Be4 Qb6 20. Rh1 Bd4 21. Bd3 exf5 22. Qxf5 Be3 23. Qe4 Bxd2+ 24. Kxd2 h6 25. a3 Rc6 26. Rf1 Re6 27. Qd5 Qc6 28. Qd4 Qxg2+ 29. Kc1 Qg5+ 30. Kb1 Qxe5 31. Qa7 Qd6 32. Rd1 Ke7 0-1

[Event "Stepanov Memorial op"]
[Site "Sochi"]
[Date "2005.10.??"]
[Round "2"]
[White "Poluljahov, Aleksandr"]
[Black "Gochelashvili, David"]
[Result "1-0"]
[WhiteElo "2511"]
[BlackElo "2353"]
[PlyCount "65"]
[EventDate "2005.10.13"]
[EventType "swiss"]
[EventRounds "9"]
[EventCountry "RUS"]
[SourceTitle "EXT 2007"]
[Source "ChessBase"]
[SourceDate "2006.11.23"]
[SourceVersion "1"]
[SourceVersionDate "2006.11.23"]
[SourceQuality "1"]

1. d4 Nf6 2. c4 g6 3. Nc3 Bg7 4. e4 d6 5. Nge2 0-0 6. Ng3 c5 7. d5 e6 8. Be2 exd5 9. exd5 Nfd7 10. h4 f5 11. Bg5 Qb6 12. Qd2 Ne5 13. h5 Nf7 14. Be3 Nd7 15. hxg6 hxg6 16. a3 Qb3 17. Rc1 Nb6 18. Rh4 Ne5 19. Bh6 Bf6 20. Bg5 Nexc4 21. Rxc4 Nxc4 22. Bxc4 Qxc4 23. Bxf6 Rxf6 24. Nce4 Qxc1+ 25. Qxc1 fxe4 26. Qg5 Rf7 27. Qxg6+ Kf8 28. Qxd6+ Re7 29. Qf6+ Ke8 30. Nh5 Rf7 31. Qe5+ Re7 32. Qh8+ Kd7 33. Nf6+ 1-0

[Event "Stepanov Memorial op"]
[Site "Sochi"]
[Date "2005.10.??"]
[Round "1"]
[White "Vastrukhin, Oleg"]
[Black "Poluljahov, Aleksandr"]
[Result "0-1"]
[WhiteElo "2211"]
[BlackElo "2511"]
[PlyCount "74"]
[EventDate "2005.10.13"]
[EventType "swiss"]
[EventRounds "9"]
[EventCountry "RUS"]
[SourceTitle "EXT 2007"]
[Source "ChessBase"]
[SourceDate "2006.11.23"]
[SourceVersion "1"]
[SourceVersionDate "2006.11.23"]
[SourceQuality "1"]

1. d4 Nf6 2. Nf3 b6 3. Bf4 Bb7 4. e3 e6 5. Bd3 Nh5 6. Bg3 Nxg3 7. hxg3 g6 8. e4 Bg7 9. Nbd2 0-0 10. c3 c5 11. 0-0 d6 12. Qe2 Nc6 13. Nb3 a6 14. a4 cxd4 15. Nbxd4 Qc7 16. Rfe1 Nb8 17. Rac1 Nd7 18. b4 Rfc8 19. c4 a5 20. Nb5 Qb8 21. Rb1 axb4 22. Rxb4 Bf8 23. Reb1 d5 24. cxd5 exd5 25. Rd4 Bc5 26. exd5 Bxd4 27. Nbxd4 Bxd5 28. Bb5 Nc5 29. Ne5 Qd6 30. Ng4 Nxa4 31. Nh6+ Kf8 32. Qg4 Nc3 33. Rc1 Rc5 34. Bd7 Rc4 35. Bb5 Nxb5 36. Rxc4 Bxc4 37. Ndf5 Ra1+ 0-1

[Event "Krasnodar"]
[Site "Krasnodar"]
[Date "2005.05.??"]
[Round "?"]
[White "Dzhakaev, Dzhakay"]
[Black "Poluljahov, Aleksandr"]
[Result "1/2-1/2"]
[WhiteElo "2503"]
[BlackElo "2511"]
[PlyCount "25"]
[EventDate "2005.05.??"]
[EventType "tourn"]
[EventRounds "11"]
[EventCountry "RUS"]
[EventCategory "8"]
[SourceTitle "EXT 2006"]
[Source "ChessBase"]
[SourceDate "2005.11.24"]
[SourceVersion "1"]
[SourceVersionDate "2005.11.24"]
[SourceQuality "1"]

1. Nf3 Nf6 2. c4 e6 3. Nc3 b6 4. g3 Bb7 5. Bg2 c5 6. 0-0 d6 7. b3 Be7 8. Bb2 Nbd7 9. d4 cxd4 10. Nxd4 Bxg2 11. Kxg2 Qc7 12. f3 a6 13. Rc1 1/2-1/2

[Event "Krasnodar"]
[Site "Krasnodar"]
[Date "2005.05.??"]
[Round "?"]
[White "Poluljahov, Aleksandr"]
[Black "Skorchenko, Dmitry"]
[Result "1/2-1/2"]
[WhiteElo "2511"]
[BlackElo "2465"]
[PlyCount "26"]
[EventDate "2005.05.??"]
[EventType "tourn"]
[EventRounds "11"]
[EventCountry "RUS"]
[EventCategory "8"]
[SourceTitle "EXT 2006"]
[Source "ChessBase"]
[SourceDate "2005.11.24"]
[SourceVersion "1"]
[SourceVersionDate "2005.11.24"]
[SourceQuality "1"]

1. d4 d5 2. c4 c6 3. Nf3 Nf6 4. cxd5 cxd5 5. Nc3 Nc6 6. Bf4 a6 7. e3 Bg4 8. Be2 e6 9. 0-0 Bd6 10. Bxd6 Qxd6 11. Rc1 0-0 12. h3 Bxf3 13. Bxf3 Rac8 1/2-1/2

[Event "Moscow Aeroflot op-B"]
[Site "Moscow"]
[Date "2005.02.20"]
[Round "6"]
[White "Al Sayed, Mohammed"]
[Black "Poluljahov, Aleksandr"]
[Result "0-1"]
[WhiteElo "2463"]
[BlackElo "2505"]
[PlyCount "116"]
[EventDate "2005.02.15"]
[EventType "swiss"]
[EventRounds "9"]
[EventCountry "RUS"]
[SourceTitle "EXT 2006"]
[Source "ChessBase"]
[SourceDate "2005.11.24"]
[SourceVersion "1"]
[SourceVersionDate "2005.11.24"]
[SourceQuality "1"]

1. e4 c5 2. Nf3 d6 3. d4 cxd4 4. Nxd4 Nf6 5. Nc3 a6 6. f4 Nbd7 7. a4 g6 8. Nf3 Qc7 9. Bd3 Bg7 10. 0-0 0-0 11. Qe1 e6 12. Qh4 b6 13. Kh1 Bb7 14. f5 Rae8 15. Bg5 Qc5 16. Rab1 Nh5 17. Be7 Bf6 18. Bxf6 Nhxf6 19. Ng5 Kg7 20. e5 dxe5 21. fxe6 fxe6 22. Be4 Bd5 23. Qh3 Qc6 24. Rfd1 Nc5 25. Nxe6+ Rxe6 26. Bxd5 Nxd5 27. Rxd5 Nxa4 28. Rbd1 Ref6 29. Rd7+ R8f7 30. Nxa4 Qxa4 31. Rxf7+ Rxf7 32. Qc3 Qe4 33. Kg1 Qe2 34. Qe1 Qxe1+ 35. Rxe1 Kf6 36. Kf2 Rc7 37. c3 a5 38. Ke3 Ke6 39. Rf1 Rf7 40. Rd1 Rf8 41. c4 Rc8 42. b3 b5 43. Ra1 bxc4 44. bxc4 Rxc4 45. Rxa5 Kf5 46. Ra7 h5 47. Rf7+ Kg4 48. Rf6 g5 49. h3+ Kh4 50. Rf5 g4 51. Ke2 Re4+ 52. Kd2 Rf4 53. Rxe5 Rf2+ 54. Ke1 Rxg2 55. hxg4 hxg4 56. Kf1 Kh3 57. Re1 Kh2 58. Re6 Rg1+ 0-1

[Event "Moscow Aeroflot op-B"]
[Site "Moscow"]
[Date "2005.02.18"]
[Round "5"]
[White "Poluljahov, Aleksandr"]
[Black "Konovalov, Nikolay"]
[Result "1-0"]
[WhiteElo "2505"]
[BlackElo "2419"]
[PlyCount "105"]
[EventDate "2005.02.15"]
[EventType "swiss"]
[EventRounds "9"]
[EventCountry "RUS"]
[SourceTitle "EXT 2006"]
[Source "ChessBase"]
[SourceDate "2005.11.24"]
[SourceVersion "1"]
[SourceVersionDate "2005.11.24"]
[SourceQuality "1"]

1. d4 Nf6 2. Nf3 c5 3. d5 g6 4. c4 b5 5. cxb5 a6 6. bxa6 Bxa6 7. Nc3 Bg7 8. e4 Bxf1 9. Kxf1 d6 10. h3 0-0 11. Kg1 Nbd7 12. Kh2 Ra6 13. Re1 Qa8 14. Kg1 Nb6 15. Re2 Na4 16. Qc2 Nd7 17. Rb1 Rb8 18. Nxa4 Rxa4 19. b3 Ra6 20. Bg5 Qb7 21. Rc1 Ne5 22. Nxe5 Bxe5 23. Qd3 Rba8 24. Rcc2 R8a7 25. Be3 Ra8 26. f4 Bg7 27. Bf2 Rd8 28. Rcd2 Bh6 29. Qf3 Qb4 30. Rc2 Ra3 31. Be3 Raa8 32. g3 Qb7 33. Kg2 Rd7 34. Bf2 Bg7 35. h4 e6 36. dxe6 fxe6 37. e5 Qxf3+ 38. Kxf3 dxe5 39. fxe5 Rd5 40. Bxc5 Bxe5 41. a4 Rb8 42. b4 Bd4 43. Rxe6 Rf5+ 44. Kg2 Bxc5 45. bxc5 Rc8 46. c6 Ra5 47. Re7 Rxa4 48. Rd7 Raa8 49. c7 Re8 50. Rf2 h5 51. Kh3 Ra1 52. Rd8 Ra8 53. Rxa8 1-0

[Event "Moscow Aeroflot op-B"]
[Site "Moscow"]
[Date "2005.02.16"]
[Round "2"]
[White "Kurenkov, Nikolai"]
[Black "Poluljahov, Aleksandr"]
[Result "1-0"]
[WhiteElo "2422"]
[BlackElo "2505"]
[PlyCount "111"]
[EventDate "2005.02.15"]
[EventType "swiss"]
[EventRounds "9"]
[EventCountry "RUS"]
[SourceTitle "EXT 2006"]
[Source "ChessBase"]
[SourceDate "2005.11.24"]
[SourceVersion "1"]
[SourceVersionDate "2005.11.24"]
[SourceQuality "1"]

1. e4 c5 2. Nf3 e6 3. d4 cxd4 4. Nxd4 Nc6 5. Nc3 Qc7 6. Be3 a6 7. Qd2 Nf6 8. 0-0-0 Ng4 9. Bf4 Nge5 10. Bg3 Nxd4 11. Qxd4 f6 12. f4 Bc5 13. Qd2 Nf7 14. e5 f5 15. Bf2 Bxf2 16. Qxf2 b5 17. Rg1 0-0 18. g4 fxg4 19. Qg2 Bb7 20. Qxg4 g6 21. Bd3 Nh8 22. h4 Qc5 23. Qg3 Qb4 24. Rdf1 Rf7 25. a3 Qd4 26. h5 Rg7 27. Rd1 Qb6 28. Ne4 Bxe4 29. Bxe4 Rc8 30. Qd3 Qf2 31. Rdf1 Qc5 32. c3 d5 33. exd6 Qxh5 34. Rg5 Qh4 35. d7 Rd8 36. Bc6 Nf7 37. Rg2 Qf6 38. a4 e5 39. axb5 axb5 40. Qxb5 exf4 41. Re2 h5 42. Qc4 Kh7 43. Rxf4 Qg5 44. Qd4 Nh6 45. Qf6 Qxf6 46. Rxf6 Nf5 47. Re8 Rgxd7 48. Bxd7 Rxd7 49. Ree6 Rg7 50. b4 h4 51. b5 Ng3 52. b6 h3 53. Rf2 g5 54. Re3 Nh5 55. Rxh3 Kg6 56. c4 1-0

[Event "Moscow Aeroflot op-B"]
[Site "Moscow"]
[Date "2005.02.15"]
[Round "1"]
[White "Poluljahov, Aleksandr"]
[Black "Arutinian, David"]
[Result "0-1"]
[WhiteElo "2505"]
[BlackElo "2423"]
[PlyCount "62"]
[EventDate "2005.02.15"]
[EventType "swiss"]
[EventRounds "9"]
[EventCountry "RUS"]
[SourceTitle "EXT 2006"]
[Source "ChessBase"]
[SourceDate "2005.11.24"]
[SourceVersion "1"]
[SourceVersionDate "2005.11.24"]
[SourceQuality "1"]

1. Nf3 Nf6 2. c4 e6 3. Nc3 Bb4 4. g3 0-0 5. Bg2 d5 6. a3 Bxc3 7. dxc3 Nbd7 8. cxd5 exd5 9. 0-0 Re8 10. a4 Nc5 11. a5 Qe7 12. Nd4 Nce4 13. Bf4 c5 14. Nb5 g5 15. Bc1 a6 16. Na3 h6 17. Nc2 Be6 18. Ne1 Rad8 19. Nd3 d4 20. cxd4 cxd4 21. Bd2 Bb3 22. Qe1 Qd7 23. Bxe4 Nxe4 24. f3 Nd6 25. Bb4 Nf5 26. Nc5 Qb5 27. Ne4 Re6 28. Qd2 Ne3 29. Rfc1 Bc4 30. b3 Rxe4 31. fxe4 Qe5 0-1

[Event "RUS Cup Qualifier 4"]
[Site "chessassistantclub.com INT"]
[Date "2004.11.25"]
[Round "?"]
[White "Lysyj, Igor"]
[Black "Poluljahov, Aleksandr"]
[Result "0-1"]
[WhiteElo "2470"]
[BlackElo "2516"]
[PlyCount "108"]
[EventDate "2004.11.25"]
[EventType "swiss (blitz)"]
[EventRounds "13"]
[EventCountry "RUS"]
[SourceTitle "CBM 103 Extra"]
[Source "ChessBase"]
[SourceDate "2005.01.01"]
[SourceVersion "1"]
[SourceVersionDate "2005.01.01"]
[SourceQuality "1"]

1. d4 Nf6 2. Nf3 e6 3. c4 b6 4. g3 Ba6 5. Qb3 Bb7 6. Bg2 Be7 7. 0-0 0-0 8. Nc3 Na6 9. Rd1 d5 10. Ne5 c5 11. cxd5 exd5 12. Bf4 Re8 13. dxc5 Nxc5 14. Qc2 Bf8 15. Nf3 Qc8 16. Rac1 Nce4 17. Be5 Bc5 18. Bd4 Qf5 19. h3 Rac8 20. e3 a6 21. Qe2 h6 22. Rc2 Rcd8 23. Rdc1 Qe6 24. Na4 Nd7 25. b3 Qe7 26. Bb2 Ndf6 27. Nd4 Qd7 28. g4 g6 29. Nf3 Qe6 30. Nxc5 bxc5 31. Nd2 d4 32. exd4 cxd4 33. Nxe4 Bxe4 34. Rd2 d3 35. Qe3 Bxg2 36. Qxe6 Rxe6 37. Kxg2 Ne4 38. Rdd1 f5 39. gxf5 gxf5 40. Rc4 Kf7 41. Kf3 d2 42. h4 Rd3+ 43. Kg2 Rg6+ 44. Kf1 Rh3 45. Ke2 Rg2 46. Rxe4 fxe4 47. Rxd2 e3 48. Rd7+ Ke6 49. Rd4 Rxf2+ 50. Kd3 e2+ 51. Kd2 Rh1 52. Re4+ Kd5 53. Rxe2 Rxe2+ 54. Kxe2 Rh2+ 0-1

[Event "RUS Cup Qualifier 4"]
[Site "chessassistantclub.com INT"]
[Date "2004.11.25"]
[Round "9"]
[White "Shaposhnikov, Evgeny"]
[Black "Poluljahov, Aleksandr"]
[Result "1-0"]
[WhiteElo "2578"]
[BlackElo "2504"]
[PlyCount "79"]
[EventDate "2004.11.25"]
[EventType "swiss (blitz)"]
[EventRounds "13"]
[EventCountry "RUS"]
[SourceTitle "CBM 103 Extra"]
[Source "ChessBase"]
[SourceDate "2005.01.01"]
[SourceVersion "1"]
[SourceVersionDate "2005.01.01"]
[SourceQuality "1"]

1. e4 c5 2. Nf3 Nc6 3. Bb5 g6 4. 0-0 Bg7 5. c3 Nf6 6. Re1 0-0 7. Qa4 Qb6 8. d4 a6 9. Bf1 cxd4 10. cxd4 d5 11. e5 Ne4 12. Nc3 Nxc3 13. bxc3 Bg4 14. Nd2 f6 15. Rb1 Qc7 16. exf6 Rxf6 17. Qb3 b5 18. Qxd5+ Kh8 19. Ne4 Rf5 20. Qb3 Na5 21. Qc2 Rff8 22. Nc5 e5 23. Be3 Bf5 24. Bd3 Nc4 25. Bxf5 Rxf5 26. Qe2 Qc6 27. a4 Raf8 28. axb5 axb5 29. Rf1 exd4 30. cxd4 Re8 31. Qd3 h5 32. Qb3 Rd5 33. Rbd1 Rb8 34. Qb1 Kh7 35. Ne4 b4 36. Ng5+ Kg8 37. Rc1 b3 38. Qd3 b2 39. Rxc4 b1Q 40. Qxb1 1-0

[Event "Krasnodar Stepanov Memorial op"]
[Site "Krasnodar"]
[Date "2004.10.??"]
[Round "9"]
[White "Gubajdullin, Alexey"]
[Black "Poluljahov, Aleksandr"]
[Result "0-1"]
[WhiteElo "2472"]
[BlackElo "2516"]
[PlyCount "74"]
[EventDate "2004.10.??"]
[EventType "swiss"]
[EventRounds "9"]
[EventCountry "RUS"]
[SourceTitle "EXT 2006"]
[Source "ChessBase"]
[SourceDate "2005.11.24"]
[SourceVersion "1"]
[SourceVersionDate "2005.11.24"]
[SourceQuality "1"]

1. e4 c5 2. Nf3 e6 3. d3 Nc6 4. g3 d5 5. Nbd2 g6 6. Bg2 Bg7 7. 0-0 Nf6 8. c3 0-0 9. e5 Nd7 10. d4 b5 11. a3 b4 12. Re1 bxc3 13. bxc3 Qa5 14. c4 Rb8 15. cxd5 exd5 16. Nb3 Rxb3 17. Qxb3 Nxd4 18. Qd1 Nxf3+ 19. Bxf3 Nxe5 20. Be2 Nf3+ 21. Bxf3 Bxa1 22. Bh6 Bg7 23. Bxg7 Kxg7 24. Bxd5 Qxa3 25. Re7 Bh3 26. Qe1 Qd3 27. Qe5+ Kg8 28. Bg2 Qd1+ 29. Qe1 Qxe1+ 30. Rxe1 Bxg2 31. Kxg2 Rc8 32. Ra1 Rc7 33. Kf1 c4 34. Ke1 c3 35. Kd1 Rd7+ 36. Kc1 Rd2 37. Rxa7 Rxf2 0-1

[Event "Krasnodar Stepanov Memorial op"]
[Site "Krasnodar"]
[Date "2004.10.??"]
[Round "7"]
[White "Korobkov, Piotr"]
[Black "Poluljahov, Aleksandr"]
[Result "1/2-1/2"]
[WhiteElo "2404"]
[BlackElo "2516"]
[PlyCount "126"]
[EventDate "2004.10.??"]
[EventType "swiss"]
[EventRounds "9"]
[EventCountry "RUS"]
[SourceTitle "EXT 2006"]
[Source "ChessBase"]
[SourceDate "2005.11.24"]
[SourceVersion "1"]
[SourceVersionDate "2005.11.24"]
[SourceQuality "1"]

1. e4 c5 2. Nf3 e6 3. d4 cxd4 4. Nxd4 Nc6 5. Nc3 Qc7 6. g3 a6 7. Bg2 d6 8. 0-0 Nf6 9. Re1 Rb8 10. b3 Be7 11. Bb2 0-0 12. Nxc6 bxc6 13. Na4 Nd7 14. c4 c5 15. Qd2 Bb7 16. Rad1 Bc6 17. Nc3 Rfe8 18. f4 Rbd8 19. Kh1 Nb8 20. Ne2 Nd7 21. Bc3 Qb7 22. Ng1 Nf6 23. Qe2 Nd7 24. Nh3 Qc7 25. Qd2 Bf6 26. Qxd6 Qxd6 27. Rxd6 Bxc3 28. Rc1 Bxe4 29. Bxe4 Nf6 30. Rxd8 Rxd8 31. Bf3 Bb2 32. Rd1 Rxd1+ 33. Bxd1 Ne4 34. Bc2 Nc3 35. a4 Ne2 36. Ng5 Nd4 37. Bd1 Nc6 38. Kg2 h6 39. Ne4 Bd4 40. Bf3 Na5 41. Bd1 f5 42. Nd2 g5 43. fxg5 hxg5 44. g4 Kg7 45. gxf5 exf5 46. Nf3 Bf6 47. Bc2 Kg6 48. h3 Nc6 49. Bd3 Bc3 50. Kg3 Kf6 51. Bc2 Be5+ 52. Kg2 Bf4 53. Bd1 Nb4 54. Kf1 Ke6 55. Ke2 Kd6 56. Ne1 Nc6 57. Nd3 Be5 58. Kf1 Bd4 59. Bf3 Bc3 60. Bxc6 Kxc6 61. Kf2 Kd6 62. Kg3 Be5+ 63. Kf3 a5 1/2-1/2

[Event "Krasnodar Stepanov Memorial op"]
[Site "Krasnodar"]
[Date "2004.10.??"]
[Round "8"]
[White "Poluljahov, Aleksandr"]
[Black "Bedia, Melor"]
[Result "1-0"]
[WhiteElo "2516"]
[BlackElo "2164"]
[PlyCount "35"]
[EventDate "2004.10.??"]
[EventType "swiss"]
[EventRounds "9"]
[EventCountry "RUS"]
[SourceTitle "EXT 2006"]
[Source "ChessBase"]
[SourceDate "2005.11.24"]
[SourceVersion "1"]
[SourceVersionDate "2005.11.24"]
[SourceQuality "1"]

1. c4 e6 2. g3 Nf6 3. Bg2 d5 4. Nf3 Be7 5. 0-0 0-0 6. d4 dxc4 7. Nc3 c5 8. dxc5 Bxc5 9. Ne5 Qc7 10. Nxc4 Bxf2+ 11. Rxf2 Qxc4 12. Rxf6 gxf6 13. Bh6 Nc6 14. e3 e5 15. Nd5 Rd8 16. Nxf6+ Kh8 17. Qh5 Rd2 18. Bf3 1-0

[Event "Krasnodar Stepanov Memorial op"]
[Site "Krasnodar"]
[Date "2004.10.??"]
[Round "4"]
[White "Poluljahov, Aleksandr"]
[Black "Panarin, Mikhail"]
[Result "1/2-1/2"]
[WhiteElo "2516"]
[BlackElo "2424"]
[PlyCount "21"]
[EventDate "2004.10.??"]
[EventType "swiss"]
[EventRounds "9"]
[EventCountry "RUS"]
[SourceTitle "EXT 2006"]
[Source "ChessBase"]
[SourceDate "2005.11.24"]
[SourceVersion "1"]
[SourceVersionDate "2005.11.24"]
[SourceQuality "1"]

1. c4 Nf6 2. Nc3 c5 3. Nf3 Nc6 4. e3 g6 5. d4 cxd4 6. exd4 d5 7. Bg5 Be6 8. Bxf6 exf6 9. a3 Bg7 10. cxd5 Bxd5 11. Qe2+ 1/2-1/2

[Event "Krasnodar Stepanov Memorial op"]
[Site "Krasnodar"]
[Date "2004.10.??"]
[Round "6"]
[White "Poluljahov, Aleksandr"]
[Black "Pravdiuk, Vladimir P"]
[Result "1-0"]
[WhiteElo "2516"]
[BlackElo "2306"]
[PlyCount "81"]
[EventDate "2004.10.??"]
[EventType "swiss"]
[EventRounds "9"]
[EventCountry "RUS"]
[SourceTitle "EXT 2006"]
[Source "ChessBase"]
[SourceDate "2005.11.24"]
[SourceVersion "1"]
[SourceVersionDate "2005.11.24"]
[SourceQuality "1"]

1. d4 Nf6 2. c4 d6 3. Nf3 g6 4. Nc3 Bg7 5. e4 0-0 6. Be2 e5 7. Be3 c6 8. d5 cxd5 9. cxd5 Ng4 10. Bg5 Qb6 11. 0-0 f6 12. Bc1 Nh6 13. Nd2 Qd8 14. Nc4 Nf7 15. Be3 b6 16. a4 Ba6 17. Qd2 Bxc4 18. Bxc4 f5 19. exf5 gxf5 20. f4 Nd7 21. Rae1 exf4 22. Bxf4 Nde5 23. Bd3 Nxd3 24. Qxd3 Ne5 25. Qg3 Ng6 26. Bxd6 f4 27. Bxf4 Nxf4 28. Rxf4 Rxf4 29. Qxf4 Bxc3 30. bxc3 Qxd5 31. Re5 Qd1+ 32. Kf2 Qc2+ 33. Kg3 Qxc3+ 34. Kh4 Rc8 35. Qg5+ Kf7 36. Qf5+ Kg8 37. Qf6 Qc4+ 38. g4 Qf7 39. Rg5+ Kf8 40. Qh8+ Ke7 41. Qe5+ 1-0

[Event "RUS Cup Qualifier 2"]
[Site "chessassistantclub.com INT"]
[Date "2004.09.30"]
[Round "?"]
[White "Asanov, Timur"]
[Black "Poluljahov, Aleksandr"]
[Result "0-1"]
[WhiteElo "2416"]
[BlackElo "2516"]
[PlyCount "170"]
[EventDate "2004.09.30"]
[EventType "swiss (blitz)"]
[EventRounds "13"]
[EventCountry "RUS"]
[SourceTitle "EXT 2006"]
[Source "ChessBase"]
[SourceDate "2005.11.24"]
[SourceVersion "1"]
[SourceVersionDate "2005.11.24"]
[SourceQuality "1"]

1. c4 Nf6 2. Nc3 c5 3. g3 e6 4. Bg2 d5 5. cxd5 exd5 6. d3 Be7 7. Nf3 0-0 8. 0-0 d4 9. Nb1 Nc6 10. Nbd2 Nd5 11. a4 Bf6 12. Nc4 Re8 13. Nfd2 Bg4 14. Ne4 Be7 15. h3 Bf5 16. g4 Bc8 17. Ng3 Bh4 18. Ne4 Be7 19. Ng3 Rb8 20. e4 dxe3 21. fxe3 Ndb4 22. Be4 Bf8 23. b3 g6 24. Bb2 Bg7 25. Bxg7 Kxg7 26. Qd2 Be6 27. Qc3+ Kg8 28. Rf3 Bxc4 29. bxc4 Ne5 30. Rf2 Nexd3 31. Rd1 Qc7 32. Rg2 Ne5 33. Bd5 Rbd8 34. Ne4 Nf3+ 35. Kf2 Rxe4 36. Bxe4 Rxd1 37. Bxf3 Rd3 38. Qf6 b6 39. h4 Qd6 40. Qxd6 Rxd6 41. Ke2 Rd3 42. Rg1 Ra3 43. Rd1 Rxa4 44. h5 Kg7 45. Rd7 Kf6 46. h6 Kg5 47. Rxf7 Kxh6 48. Be4 Ra2+ 49. Kf3 Ra1 50. Rd7 a5 51. Rb7 a4 52. Rxb6 a3 53. Rb5 a2 54. Ra5 Rf1+ 55. Ke2 a1Q 56. Rxa1 Rxa1 57. Bb7 Kg5 58. Kf3 Rf1+ 59. Ke2 Rf7 60. Bc8 h5 61. gxh5 gxh5 62. e4 Re7 63. Kf3 h4 64. Bh3 Nc2 65. e5 Rxe5 66. Bc8 Nd4+ 67. Kf2 Kf4 68. Kf1 Re2 69. Kg1 Rb2 70. Kf1 Kg3 71. Ke1 h3 72. Bxh3 Kxh3 73. Kd1 Kg3 74. Kc1 Re2 75. Kd1 Kf3 76. Kc1 Ke3 77. Kd1 Kd3 78. Kc1 Kc3 79. Kb1 Kxc4 80. Kc1 Kc3 81. Kd1 c4 82. Kc1 Rd2 83. Kb1 Rc2 84. Ka1 Nb3+ 85. Kb1 Rb2# 0-1